The great escape (Record no. 80324)

MARC details
000 -LEADER
fixed length control field 00886cab a22001935a 4500
001 - CONTROL NUMBER
control field L143958
008 - FIXED-LENGTH DATA ELEMENTS--GENERAL INFORMATION
fixed length control field 080610e20080606xxkao f v 000 0 eng d
035 ## - SYSTEM CONTROL NUMBER
System control number (Sirsi) u143958
041 0# - LANGUAGE CODE
Language code of text/sound track or separate title eng
100 1# - MAIN ENTRY--PERSONAL NAME
Personal name Crossfield, Richard
245 04 - TITLE STATEMENT
Title The great escape
260 ## - PUBLICATION, DISTRIBUTION, ETC.
Date of publication, distribution, etc. 2008
490 #0 - SERIES STATEMENT
Series statement Property Week
Volume/sequential designation 73(23) 6 June 2008, 82-83(2)
520 ## - SUMMARY, ETC.
Summary, etc. Reports that buyers wish to avoid contracts due to a falling market in property prices. However, sellers want to have binding contracts. Explains the legal tactics involved for both parties. Identifies two issues affecting the enforceability of contracts: the ability to serve a notice to complete and the use of special purpose vehicles (SPV).
590 ## - LOCAL NOTE (RLIN)
Local note KA
651 #4 - SUBJECT ADDED ENTRY--GEOGRAPHIC NAME
Geographic name United Kingdom
Chronological subdivision
690 ## - LOCAL SUBJECT ADDED ENTRY--TOPICAL TERM (OCLC, RLIN)
Topical term or geographic name as entry element PROPERTY-COMMERCIAL PROPERTY-LEASEHOLD COMMERCIAL PROPERTY-COMMERCIAL LANDLORD AND TENANT-COMMERCIAL LEASES
942 ## - ADDED ENTRY ELEMENTS (KOHA)
Suppress in OPAC 0
Holdings
Withdrawn status Lost status Source of classification or shelving scheme Damaged status Not for loan Home library Current library Shelving location Date acquired Total Checkouts Full call number Barcode Date last seen Copy number Price effective from Koha item type
    Dewey Decimal Classification     London London Journal article 10/06/2008   L143958 143958-1001 06/08/2019 1 06/08/2019 Journal article